000 01179nam a2200301Ia 4500
005 20240527140925.0
008 130821s1962 mx a gr spa
040 _aCo-BoUCM
_bspa
_cDavid Moreno (modificó)
_dDavid Moreno (modificó)
041 0 0 _aspa
100 1 _aZeisel, Hans
_9167964
245 1 0 _aDígalo con números
_cHans Zeisel ; traduccion de Rubén C. Pimentel e introducción de Paul F. Lazarsfeld
260 _aMéxico D.F. (México)
_bFondo de Cultura Económica
_c1962
300 _a257 Páginas
_bilustraciones, gráficas
490 0 _aSección de obras de sociología
500 _aDonación Dr. Álvaro Daza Roa.
500 _aIncluye índice.
650 0 4 _aCiencias sociales
_vModelos matemáticos
_954184
650 0 4 _aCiencias sociales
_xMetodología
_932387
650 0 4 _aEstadística
_vAspectos sociales
_914984
650 0 4 _aInvestigación social
_918009
650 0 4 _aSociología
_9386
700 1 _aLazarsfeld, Paul F.
_9155417
700 1 _aPimentel, Rubén C.
_9111049
710 2 _aFondo de Cultura Económica
_953965
765 0 _tSay it with figures
942 _cLIBRO
_a7
_e1
_mZ47d
_2DEWEY
_h303
_n0
999 _c71436
_d71436